[Event "Naantali op"]
[Site "Naantali"]
[Date "1996.??.??"]
[Round "6"]
[White "Fieandt, John"]
[Black "Tella, Jussi"]
[Result "1/2-1/2"]
[WhiteElo "2220"]
[BlackElo "2310"]

1.Nf3 Nf6 2.c4 e6 3.d4 d5 4.Nc3 c6 5.e3 Nbd7 6.Qc2 Bd6 7.Bd2 O-O 8.Be2 Re8
9.O-O Qe7 10.Rfe1 dxc4 11.Bxc4 b5 12.Bb3 h6 13.e4 e5 14.d5 cxd5 15.Nxd5 Nxd5
16.Bxd5 Rb8 17.Ba5 Nf6 18.Bc6 Rf8 19.Qd3 Bc5 20.b4 Bxb4 21.Bxb4 Qxb4 22.Rab1 Qa5
23.Nxe5 Qc7 24.f4 Rd8 25.Qe3 Ng4 26.Nxg4 Qxc6 27.Ne5 Qb6 28.a4 f6 29.Nc4 Qxe3+
30.Nxe3 b4 31.Nd5 Kf7 32.Nxb4 Rd4 33.Nd5 Rxb1 34.Rxb1 Rxa4 35.Rc1 Be6 36.Rc7+ Kf8
37.f5 Bxd5 38.exd5 Rd4 39.Rxa7 Rxd5 40.g4 Rd4 41.h3 h5 42.gxh5 Rh4 43.Kg2 Rxh5
44.Ra8+ Kf7 45.Ra5 Rg5+ 46.Kf3 Kg8 47.h4 Rg1 48.Ra8+ Kh7 49.Kf4 Rb1 50.Kg4 Rb4+  1/2-1/2

[Event "Neuchatel op"]
[Site "Neuchatel"]
[Date "1996.??.??"]
[Round "3"]
[White "Ftacnik, Lubomir"]
[Black "Tyomkin, Dimitri"]
[Result "1-0"]
[WhiteElo "2585"]
[BlackElo "2340"]

1.c4 c6 2.d4 d5 3.Nc3 Nf6 4.e3 e6 5.Nf3 Nbd7 6.Bd3 dxc4 7.Bxc4 b5 8.Be2 a6
9.e4 b4 10.e5 bxc3 11.exf6 Nxf6 12.bxc3 Bd6 13.O-O O-O 14.Bg5 Qc7 15.Qc2 Nd7
16.Qe4 Re8 17.Bd3 Nf8 18.c4 f5 19.Qe2 c5 20.Bxf5 cxd4 21.Be4 Rb8 22.Nxd4 Bxh2+
23.Kh1 Be5 24.Rad1 Bb7 25.Nb3 Bxe4 26.Qxe4 Rb4 27.Rc1 Rc8 28.Nd2 Bd6 29.Qd3 Qc6
30.Rc2 Nd7 31.Qh3 Bf8 32.Re1 Nc5 33.Nb3 Re8 34.Bd2 Rbb8 35.Bf4 Rbd8 36.Nxc5 Bxc5
37.Be5 Bd4 38.Qg3 Bxe5 39.Qxe5 Rd3 40.Rb1 Qd6 41.Qxd6 Rxd6 42.c5 Rc6 43.Rb6 Rec8
44.Rxc6 Rxc6 45.Kh2 e5 46.Kg3 Kf7 47.Kf3 Ke6 48.Ke4 a5 49.Rc3 g6 50.Rc2 Rc7
51.c6 Kd6 52.Rd2+ Kxc6 53.Rc2+ Kd6 54.Rxc7 Kxc7 55.Kxe5 Kc6 56.f4 a4 57.a3 Kd7
58.Kf6 Kd6 59.g3 Kd5 60.Kg7 Kc4 61.Kxh7 Kb3 62.Kxg6 Kxa3 63.f5 Kb3 64.f6 a3
65.f7 a2 66.f8=Q a1=Q 67.Qf3+ Kc2 68.g4 Qa6+ 69.Qf6 Qb7 70.g5 Kd1 71.Qf1+ Kd2
72.Kh6 Qe7 73.Qf2+ Kd1 74.g6 Qd6 75.Kh7 Qd3 76.Qf4 Qh3+ 77.Kg7 Qc3+ 78.Qf6 Qc7+
79.Kf8 Qc8+ 80.Kf7 Qc4+ 81.Qe6 Qf4+ 82.Ke7 Qh4+ 83.Ke8 Qh5 84.Kf8 Qh8+ 85.Kf7 Qh5
86.Qe4 Kc1 87.Kf6 Qh6 88.Ke7 Kd1 89.Qd5+ Ke1 90.Qe5+ Kd1 91.Kf7 Qh4 92.Qd5+ Ke1
93.g7 Qf4+ 94.Ke7 Qc7+ 95.Qd7 Qc5+ 96.Qd6 Qg5+ 97.Kf7 Qh5+ 98.Qg6 Qf3+ 99.Qf6 Qh5+
100.Kf8  1-0

[Event "Neuchatel op"]
[Site "Neuchatel"]
[Date "1996.??.??"]
[Round "5"]
[White "Milov, Vadim"]
[Black "Gurevich, Mikhail"]
[Result "0-1"]
[WhiteElo "2585"]
[BlackElo "2590"]

1.d4 d5 2.c4 c6 3.Nc3 Nf6 4.e3 e6 5.Nf3 Nbd7 6.Bd3 dxc4 7.Bxc4 b5 8.Bd3 Bb7
9.O-O b4 10.Ne4 Be7 11.Nxf6+ Nxf6 12.e4 O-O 13.e5 Nd7 14.Be4 h6 15.Be3 Qb8
16.Rc1 Rc8 17.Re1 c5 18.d5 exd5 19.Bf5 Nf8 20.Bxc8 Qxc8 21.Nd2 Ne6 22.Qg4 h5
23.Qg3 d4 24.Bf4 h4 25.Qg4 g5 26.Bxg5 Nxg5 27.e6 f5 28.Qf4 Qf8 29.f3 Rd8
30.Kh1 h3 31.gxh3 Qf6 32.Rg1 Kf8 33.Qg3 Ke8 34.Rce1 Nxe6 35.Re5 Rd5 36.Qg8+ Kd7
37.Ree1 Nd8 38.Nc4 Kc8 39.Qe8 Rd7 40.Ne5 Rc7 41.Rg8 d3  0-1

[Event "Neuchatel op"]
[Site "Neuchatel"]
[Date "1996.??.??"]
[Round "7"]
[White "Landenbergue, Claude"]
[Black "Mira, Helene"]
[Result "1-0"]
[WhiteElo "2430"]
[BlackElo "2195"]

1.d4 d5 2.c4 c6 3.e3 Nf6 4.Nc3 e6 5.Nf3 Nbd7 6.Qc2 Be7 7.Be2 O-O 8.O-O a6
9.b3 b5 10.Bb2 b4 11.Nb1 Ne4 12.Nbd2 f5 13.cxd5 cxd5 14.Qc6 Nb6 15.Nxe4 Bd7
16.Qc2 fxe4 17.Ne5 Bd6 18.Rac1 Rc8 19.Qd2 a5 20.Bg4 Qf6 21.Qe2 Rxc1 22.Rxc1 Be8
23.Rc2 Kh8 24.Qa6 Bc7 25.Qxa5 Nc4 26.Qxc7 Nxe3 27.h3 Nxc2 28.Qxc2 h5 29.Bd1 e3
30.Bf3 exf2+ 31.Qxf2 Qf5 32.Qd2 Qb1+ 33.Kh2 Kg8 34.a3 bxa3 35.Bxa3 Rf5 36.Qc3 Kh7
37.Be7 Bg6 38.Qc6 Rxe5 39.dxe5 Qe1 40.Qxe6 h4 41.Bc5 Qg3+ 42.Kh1 Qe1+ 43.Bg1 d4
44.Qd6 d3 45.e6 d2 46.e7 Be8 47.Kh2 Bg6 48.Bc5 Bc2 49.Bb4  1-0

[Event "JUG-chT"]
[Site "Niksic"]
[Date "1996.??.??"]
[Round "?"]
[White "Brkljaca, Ante"]
[Black "Rajkovic, Ljubisa"]
[Result "1/2-1/2"]
[WhiteElo "2320"]
[BlackElo "2275"]

1.d4 d5 2.Nf3 c6 3.c4 Nf6 4.Nc3 e6 5.e3 Nbd7 6.Qc2 Be7 7.Bd3 O-O 8.O-O dxc4
9.Bxc4 c5 10.Rd1 cxd4 11.exd4 Nb6 12.Bb3 Bd7 13.Ne5 Rc8 14.Bg5 Bc6 15.Qd3 Nbd5
16.Rac1 Nxc3 17.Nxc6 Rxc6 18.bxc3 Qc7 19.g3  1/2-1/2

[Event "JUG-chT"]
[Site "Niksic"]
[Date "1996.??.??"]
[Round "?"]
[White "Pajkovic, Vladimir"]
[Black "Savanovic, Aleksandar"]
[Result "0-1"]
[WhiteElo "2420"]
[BlackElo "2445"]

1.Nf3 d5 2.c4 c6 3.e3 Nf6 4.Nc3 e6 5.d4 Nbd7 6.Qc2 Bd6 7.Bd3 O-O 8.O-O dxc4
9.Bxc4 e5 10.h3 h6 11.Rd1 exd4 12.Nxd4 Nb6 13.Bb3 Qe7 14.Nf5 Bxf5 15.Qxf5 Qe5
16.Qf3 Rad8 17.g3 Bc7 18.Bd2 Nbd5 19.Nxd5 Nxd5 20.Rab1 Qe7 21.Kg2 Nf6 22.a3 Be5
23.Qf5 c5 24.Bc2 Rd7 25.f4 Rfd8 26.fxe5 Rxd2+ 27.Rxd2 Rxd2+ 28.Kh1 g6 29.exf6 Qd6
30.Qc8+ Kh7 31.Qxb7 Qe6 32.Bf5 gxf5 33.Qf3 Kg6 34.Rf1 Rxb2 35.Qa8 Qe4+ 36.Qxe4 fxe4
37.Rf4 c4  0-1

[Event "JUG-chT"]
[Site "Niksic"]
[Date "1996.??.??"]
[Round "?"]
[White "Milanovic, Vojislav"]
[Black "Lazic, Miroljub"]
[Result "0-1"]
[WhiteElo "2350"]
[BlackElo "2455"]

1.d4 d5 2.c4 c6 3.Nf3 Nf6 4.Nc3 e6 5.e3 Nbd7 6.Qc2 Bd6 7.g4 dxc4 8.Bxc4 b6
9.g5 Nd5 10.Bd2 Bb7 11.Rg1 Rc8 12.e4 Nxc3 13.Bxc3 b5 14.Be2 b4 15.Bd2 c5
16.d5 exd5 17.exd5 Bxd5 18.Rd1 Nb6 19.Bb5+ Kf8 20.Nh4 g6 21.b3 Qe7+ 22.Kf1 Qe6
23.Qd3 Be4 24.Qe3 Nd5 25.Qe2 Qh3+ 26.Ke1 Rc7 27.Qg4 Qxh2 28.Kf1 Re7 29.Nf3 Qh5
30.Be2 Qxg4 31.Rxg4 Bc2 32.Rc1 Bf5 33.Rh4 Kg7 34.Bc4 Nb6 35.Bb5 Be4 36.Nh2 Nd5
37.Bc4 Nb6 38.Bb5 f5 39.gxf6+ Kxf6 40.Ng4+ Kf7 41.Re1 Bd5 42.Bc1 Rxe1+ 43.Kxe1 h5
44.Bb2 Rc8 45.Ne5+ Bxe5 46.Bxe5 Ke6 47.Bb2 c4 48.Rf4 c3 49.Bc1 a5 50.Bd3 Rg8
51.Bc2 Bc6 52.Rd4 Nd5 53.Bg5 Ra8 54.Kd1 Rf8 55.Ke1 Ke5 56.Re4+ Kd6 57.Rd4 Re8+
58.Kd1 Kc7 59.Bd3 Re6 60.Bh4 Kb7 61.Bg3 Nf6 62.Rf4 Ne4 63.Rf7+ Kb6 64.Bb8 Bb5
65.Bc2 Nd6 66.Rh7 Be2+ 67.Kc1 Bg4 68.Ba7+ Kc6 69.Be3 Nf5 70.Bxf5 gxf5 71.Rf7 h4  0-1

[Event "JUG-chT"]
[Site "Niksic"]
[Date "1996.??.??"]
[Round "?"]
[White "Gligoric, Svetozar"]
[Black "Sibarevic, Milenko"]
[Result "0-1"]
[WhiteElo "2470"]
[BlackElo "2350"]

1.d4 d5 2.Nf3 c6 3.c4 e6 4.e3 Nf6 5.Nc3 Nbd7 6.Bd3 dxc4 7.Bxc4 b5 8.Bd3 Bb7
9.O-O a6 10.e4 c5 11.d5 Qc7 12.Re1 c4 13.Bc2 Bc5 14.Be3 O-O-O 15.Bxc5 Nxc5
16.b4 exd5 17.bxc5 dxe4 18.Nd2 Qf4 19.Re2 Ng4 20.g3 Qh6 21.h4 f5 22.Qe1 Ne5
23.Ncxe4 fxe4 24.Bxe4 Bxe4 25.Rxe4 Qxd2 26.Rxe5 Rhf8 27.Re7 Qxe1+ 28.Raxe1 Rd7
29.R7e6 Rf6 30.Re8+ Kb7 31.a3 Rc6 32.R8e5 Rdc7 33.f4 Rxc5 34.Kf2 Rxe5 35.fxe5 Kc6
36.Ke3 Kd5 37.Kf4 Rf7+ 38.Kg5 Ke6 39.g4 c3  0-1

[Event "JUG-chT"]
[Site "Niksic"]
[Date "1996.??.??"]
[Round "?"]
[White "Gligoric, Svetozar"]
[Black "Kosic, Dragan"]
[Result "1/2-1/2"]
[WhiteElo "2470"]
[BlackElo "2530"]

1.d4 d5 2.Nf3 Nf6 3.c4 c6 4.Nc3 e6 5.e3 Nbd7 6.Qc2 Bd6 7.Bd3 O-O 8.O-O e5
9.cxd5 cxd5 10.e4 dxe4 11.Nxe4 Nxe4 12.Bxe4 h6 13.Be3 exd4 14.Bh7+ Kh8 15.Bxd4 Nf6
16.Bf5 Bxf5 17.Qxf5 Qc8 18.Nh4 Qxf5 19.Nxf5 Rfd8 20.Bxf6 gxf6 21.Nxh6 Kg7
22.Nf5+ Kg6 23.Nxd6 Rxd6 24.Rfd1 Rad8 25.Rxd6 Rxd6 26.g3 Rd2 27.Rb1 f5 28.Kg2 Rd3
29.b3 Rd2 30.a4 Rd3 31.b4 f4 32.gxf4 Kf5 33.Rc1 Rd4 34.Rc5+ Kxf4 35.Rb5 b6
36.a5 bxa5 37.bxa5 Rd7 38.Rb4+ Ke5 39.a6 Rd6 40.Ra4 f5 41.h4 Rg6+ 42.Kf3 Rc6
43.Ra5+ Kf6 44.Kg3 Rc3+ 45.f3 Rb3 46.Ra4 Rb6 47.Kf4 Rc6 48.h5 Rb6 49.h6 Kg6
50.h7 Kxh7 51.Kxf5 Kg7 52.f4 Kf7  1/2-1/2

[Event "JUG-ch op"]
[Site "Nis"]
[Date "1996.??.??"]
[Round "2"]
[White "Maksimovic, Suzana"]
[Black "Lazic, Miroljub"]
[Result "0-1"]
[WhiteElo "2285"]
[BlackElo "2465"]

1.d4 d5 2.c4 c6 3.Nf3 Nf6 4.e3 e6 5.Nc3 Nbd7 6.Qc2 Bd6 7.g4 dxc4 8.g5 Nd5
9.Bxc4 b6 10.Bd2 Bb7 11.Rg1 Rc8 12.Ne4 Be7 13.Ne5 a6 14.g6 Nxe5 15.dxe5 hxg6
16.Rd1 Qc7 17.Bc3 c5 18.Nd6+ Bxd6 19.exd6 Qxd6 20.Bxg7 Qxh2 21.Rxg6 fxg6
22.Qxg6+ Ke7 23.Bf6+ Kd6 24.e4 Qh1+ 25.Bf1 Rhg8 26.Bg7 Rxg7 27.e5+ Kc7 28.Qxg7+ Kb8  0-1

[Event "JUG-ch op"]
[Site "Nis"]
[Date "1996.??.??"]
[Round "9"]
[White "Arsovic, Goran"]
[Black "Jovicevic, Bozidar"]
[Result "1-0"]
[WhiteElo "2350"]
[BlackElo "2275"]

1.Nf3 d5 2.d4 Nf6 3.c4 c6 4.Nc3 e6 5.e3 Nbd7 6.Qc2 b6 7.b3 Be7 8.Be2 O-O
9.O-O Bb7 10.Rd1 Rc8 11.e4 dxe4 12.Nxe4 Qc7 13.Nxf6+ Nxf6 14.c5 bxc5 15.dxc5 e5
16.Bb2 e4 17.Ne5 Rfd8 18.Rxd8+ Rxd8 19.Bc4 Nd5 20.Qxe4 Bxc5 21.Nf3 Qe7 22.Qg4 Nf6
23.Qh4 Nd5 24.Qg3 Qf8 25.Nd4 Bd6 26.Qg4 Nf6 27.Qf5 Ba3 28.Bxa3 Qxa3 29.Nf3 Bc8
30.Qc2 Qd6 31.Ng5 Qe5 32.Rd1 Rxd1+ 33.Qxd1 Nd5 34.Qh5 Qxg5 35.Bd3 Qf6 36.Qxh7+ Kf8
37.Qh8+ Ke7 38.Qxc8 Qg5 39.Qxc6 Nf4 40.Qe4+ Kf8  1-0

[Event "JUG-ch op"]
[Site "Nis"]
[Date "1996.??.??"]
[Round "10"]
[White "Kozlov, Oleg"]
[Black "Lazic, Miroljub"]
[Result "1-0"]
[WhiteElo "2370"]
[BlackElo "2465"]

1.d4 d5 2.Nf3 c6 3.c4 Nf6 4.Nc3 e6 5.e3 Nbd7 6.Bd3 Be7 7.e4 dxe4 8.Nxe4 O-O
9.O-O b6 10.Qe2 Bb7 11.Rd1 Qc7 12.Bg5 c5 13.Bh4 Rfe8 14.Bg3 Qc6 15.dxc5 bxc5
16.Nc3 Bf8 17.Bc2 e5 18.Ba4 Qe6 19.Nd5 Nxd5 20.cxd5 Qd6 21.Bxd7 Qxd7 22.Nxe5 Rad8
23.Qf3 Qe7 24.h3 Rc8 25.Nc6 Qd7 26.Nxa7 Bxd5  1-0

[Event "NLD-ch"]
[Site "NLD"]
[Date "1996.??.??"]
[Round "8"]
[White "Van der Sterren, Paul"]
[Black "Piket, Jeroen"]
[Result "1-0"]
[WhiteElo "2535"]
[BlackElo "2570"]

1.d4 Nf6 2.c4 e6 3.Nf3 d5 4.Nc3 c6 5.e3 Nbd7 6.Qc2 Bd6 7.Be2 O-O 8.O-O e5
9.cxd5 cxd5 10.Nb5 Bb8 11.dxe5 Nxe5 12.Nbd4 Ne4 13.Bd2 Qb6 14.Rfd1 Ng4 15.Be1 Qh6
16.h3 Ngf6 17.Rac1 a6 18.Qxc8 Bh2+ 19.Nxh2 Raxc8 20.Nf5 Qg5 21.Ne7+ Kh8 22.Rxc8 Rxc8
23.Nf3 Qh6 24.Nxc8 g6 25.Nb6 Qf8 26.Nxd5  1-0

[Event "NLD-ch"]
[Site "NLD"]
[Date "1996.??.??"]
[Round "10"]
[White "Van der Sterren, Paul"]
[Black "Kuijf, Marinus"]
[Result "0-1"]
[WhiteElo "2535"]
[BlackElo "2470"]

1.d4 d5 2.c4 c6 3.Nf3 Nf6 4.Nc3 e6 5.e3 Nbd7 6.Qc2 Bd6 7.Be2 O-O 8.O-O e5
9.cxd5 cxd5 10.Nb5 Bb8 11.dxe5 Nxe5 12.Bd2 Bg4 13.Nbd4 Ne4 14.Bb4 Re8 15.Nxe5 Bxe2
16.Qxe2 Bxe5 17.Rfd1 Qb6 18.Ba3 Rad8 19.Rac1 g6 20.Qc2 Qa6 21.h3 Kg7 22.Qb3 Qf6
23.Rc2 Rc8 24.Nf3 Bd6 25.Rxd5 Bxa3 26.bxa3 Qa1+ 27.Kh2 Rxc2 28.Rd7 Qxa2  0-1

[Event "North Bay op"]
[Site "North Bay"]
[Date "1996.??.??"]
[Round "?"]
[White "Moussa, Alaa Eddine"]
[Black "Chow, Albert"]
[Result "1/2-1/2"]
[WhiteElo "2205"]
[BlackElo "2285"]

1.d4 Nf6 2.c4 e6 3.Nf3 d5 4.Nc3 c6 5.e3 Nbd7 6.Qc2 b6 7.cxd5 cxd5 8.Nb5 Bb4+
9.Bd2 Bxd2+ 10.Nxd2 O-O 11.Bd3 e5 12.O-O e4 13.Be2 a6 14.Nc3 Bb7 15.f3 exf3
16.Bxf3 Re8 17.Rae1 Nf8 18.g3 Ne6 19.Bg2 Ng5 20.Qb3 Nfe4 21.Ncxe4 dxe4 22.h4 Bd5
23.Qd1 Nf3+ 24.Nxf3 exf3 25.Bxf3 Rc8 26.Bxd5 Qxd5 27.Qb3 Rc4 28.Rc1 b5 29.Rxc4 bxc4
30.Qc3 g5 31.hxg5 Qxg5 32.Rf3 Qd5 33.Kf2 Re6 34.Qb4 Rh6 35.g4 Rh2+ 36.Kg3 Rh3+
37.Kxh3 Qxf3+ 38.Kh4 Qf2+ 39.Kh5 Kg7 40.Qe7 Qh2+ 41.Qh4 Qxb2 42.Qg5+ Kh8
43.Qe5+ Kg8 44.Qg5+ Kh8 45.Qe5+ Kg8 46.a4 Qa1 47.Qg5+ Kh8 48.Qd5 Qf1 49.Qd8+ Kg7
50.Qg5+ Kh8 51.Qe7 Kg7 52.Qg5+ Kh8 53.Qd8+  1/2-1/2

[Event "BCF-ch"]
[Site "Nottingham"]
[Date "1996.??.??"]
[Round "10"]
[White "Sadler, Matthew"]
[Black "Wilson, Jonathan"]
[Result "1-0"]
[WhiteElo "2615"]
[BlackElo "2285"]

1.d4 d5 2.c4 c6 3.Nf3 Nf6 4.Nc3 e6 5.e3 Nbd7 6.Bd3 dxc4 7.Bxc4 b5 8.Bd3 a6
9.e4 c5 10.d5 c4 11.Bc2 Qc7 12.dxe6 fxe6 13.O-O Bb7 14.Nd4 Nc5 15.Be3 e5
16.Nf5 Ncxe4 17.Nxe4 Nxe4 18.a4 Rd8 19.Qe2 Qc6 20.axb5 axb5 21.Ra7 Rd7 22.Rfa1 g6
23.Qf3 gxf5 24.Rxb7 Qxb7 25.Qxf5 Nf6 26.Qxf6 Bg7 27.Qh4 Rd8 28.Ra7 Qxa7 29.Bxa7 Ra8
30.Qh5+ Ke7 31.Bc5+ Ke6 32.g3 Bf6 33.Be4 Ra2 34.Qf5+ Kf7 35.Qd7+  1-0

[Event "Nova Gorica"]
[Site "Nova Gorica"]
[Date "1996.??.??"]
[Round "4"]
[White "Djurkovic, Maks"]
[Black "Furlan, Miha"]
[Result "1-0"]
[WhiteElo "2085"]
[BlackElo "2320"]

1.d4 d5 2.Nf3 Nf6 3.c4 c6 4.e3 e6 5.Nc3 Nbd7 6.Qc2 Be7 7.b3 O-O 8.Bb2 b6
9.Bd3 Bb7 10.O-O-O c5 11.cxd5 exd5 12.dxc5 bxc5 13.Kb1 Rc8 14.Bf5 Qc7 15.Rd2 Rcd8
16.Rhd1 Rfe8 17.Nxd5 Bxd5 18.Rxd5 Nxd5 19.Bxh7+ Kf8 20.Rxd5 Nf6 21.Rxd8 Rxd8
22.Bd3 Qd6 23.Ne5 Nd7 24.Nxf7 Kxf7 25.Bc4+ Ke8 26.Qh7 Ne5 27.Bb5+ Kf7 28.Qh5+ g6
29.Qxe5 Qxe5 30.Bxe5 Rd2 31.Bc4+ Kf8 32.Bg3 Bf6 33.a4 Kg7 34.Kc1 Ra2 35.Kd1 Bc3
36.h4 Kf6 37.Bd3 Kf7 38.Be2 Ra1+ 39.Kc2 Bf6 40.Bd6 Rg1 41.g3 Ra1 42.Bxc5 a5
43.Bb5 Bc3 44.Kd3 Bb4 45.Kc4 Rg1  1-0

[Event "Nussloch"]
[Site "Nussloch"]
[Date "1996.??.??"]
[Round "9"]
[White "Piket, Jeroen"]
[Black "Slobodjan, Roman"]
[Result "1-0"]
[WhiteElo "2570"]
[BlackElo "2525"]

1.d4 d5 2.c4 c6 3.Nc3 Nf6 4.Nf3 e6 5.e3 Nbd7 6.Bd3 dxc4 7.Bxc4 b5 8.Bd3 Bb7
9.O-O a6 10.e4 c5 11.d5 e5 12.b3 Qc7 13.Be3 c4 14.bxc4 bxc4 15.Bc2 Bb4 16.Na4 O-O
17.Nh4 g6 18.Rb1 a5 19.f4 Ba6 20.fxe5 Qxe5 21.Nf5 Qe8 22.Bd4 h5 23.Nh6+ Kg7
24.Qc1 Kh7 25.Rxf6 Nxf6 26.Bxf6 Be7 27.e5 Bxf6 28.exf6 Bc8 29.Qg5 Rb8 30.Rf1 Rh8
31.h4 Rb5 32.Nc3 Rb2 33.Bf5 Qf8 34.Bxc8 Qxh6 35.Qxh6+ Kxh6 36.Be6 Rf8 37.Ne4 Rb7
38.Bh3 Rd8 39.d6 c3 40.Rc1 Rb4 41.Ng5 Rb7 42.d7  1-0

[Event "Oberwart op"]
[Site "Oberwart"]
[Date "1996.??.??"]
[Round "2"]
[White "Kranz, Armin"]
[Black "Pingitzer, Harald"]
[Result "0-1"]
[WhiteElo "2140"]
[BlackElo "2270"]

1.d4 d5 2.Nf3 Nf6 3.c4 c6 4.e3 e6 5.Nc3 Nbd7 6.Qc2 Bd6 7.e4 dxe4 8.Nxe4 Nxe4
9.Qxe4 Nf6 10.Qe3 b6 11.Bd2 c5 12.Bc3 Bb7 13.Bd3 Bxf3 14.Qxf3 cxd4 15.Bxd4 Bb4+
16.Ke2 O-O 17.Rhd1 e5 18.Be3 Qe7 19.Qf5 g6 20.Qg5 Qe6 21.Kf1 Rac8 22.h3 Be7
23.Rac1 Rc7 24.Rc2 Rfc8 25.a3 b5 26.Rdc1 bxc4 27.Bxa7 Nd5 28.Qd2 cxd3 29.Rxc7 Rxc7
30.Rxc7 Nxc7 31.Qxd3 e4 32.Qe2 f5 33.b4 f4 34.b5 f3 35.gxf3 Qxh3+ 36.Ke1 Qh1+
37.Kd2 Bg5+ 38.Kc3 Qc1+ 39.Kb4 Bd2+ 40.Kb3 Qc3+  0-1

[Event "Oberwart op"]
[Site "Oberwart"]
[Date "1996.??.??"]
[Round "8"]
[White "Kummer, Helmut"]
[Black "Volkmann, Friedrich"]
[Result "1-0"]
[WhiteElo "2300"]
[BlackElo "2380"]

1.d4 d5 2.c4 e6 3.Nc3 c6 4.Nf3 Nf6 5.e3 Nbd7 6.Bd3 dxc4 7.Bxc4 b5 8.Bd3 Bb7
9.e4 b4 10.Na4 c5 11.e5 Nd5 12.O-O cxd4 13.Nxd4 Nxe5 14.Bb5+ Nd7 15.Re1 Rc8
16.Qh5 g6 17.Qe2 Qe7 18.Bg5 Qxg5 19.Nxe6 Qxg2+ 20.Kxg2 Nf4+ 21.Kf1 Nxe2 22.Rad1 fxe6
23.Bxd7+ Ke7 24.Bxc8 Bxc8 25.Kxe2 Bg7 26.Kf1 Rf8 27.Re4 a5 28.b3 Bb7 29.Re3 Rf5
30.Nb6 Ba6+ 31.Kg1 Rf4 32.Nd5+  1-0

[Event "RUS-Cup3"]
[Site "Omsk"]
[Date "1996.??.??"]
[Round "1"]
[White "Burmakin, Vladimir"]
[Black "Strutinskaya, Galina N"]
[Result "1-0"]
[WhiteElo "2505"]
[BlackElo "2315"]

1.d4 Nf6 2.c4 e6 3.Nf3 d5 4.Nc3 c6 5.e3 Nbd7 6.Qc2 b6 7.Bd3 Bb7 8.O-O Be7
9.Ne5 O-O 10.e4 dxc4 11.Nxc4 b5 12.Ne3 e5 13.dxe5 Nxe5 14.Be2 Qb6 15.Nf5 Bc5
16.Qd2 Ng6 17.e5 Ne8 18.Ne4 Bc8 19.Nxg7 Be3 20.Qxe3 Qxe3 21.Bxe3 Kxg7 22.f4  1-0

[Event "RUS-Cup3"]
[Site "Omsk"]
[Date "1996.??.??"]
[Round "7"]
[White "Burmakin, Vladimir"]
[Black "Filippov, Valerij"]
[Result "1/2-1/2"]
[WhiteElo "2505"]
[BlackElo "2565"]

1.d4 d5 2.c4 c6 3.Nc3 Nf6 4.Nf3 e6 5.e3 Nbd7 6.Qc2 Bd6 7.Be2 O-O 8.O-O e5
9.cxd5 cxd5 10.Nb5 Bb8 11.dxe5 Nxe5 12.Bd2 Bg4 13.Rfc1 Nxf3+ 14.gxf3 Ne4
15.Be1 Qh4 16.f4 Qh5 17.Nd4 Ng5 18.Qd1 Bxe2 19.Qxe2 Qh3 20.Qf1 Qh5 21.Qg2 Ne4
22.f3 Nd6 23.Bc3 Qg6 24.Rd1 Rd8 25.Qxg6 hxg6 26.Nc2 Nf5 27.Rd3 Bc7 28.Rad1 Bb6
29.Kf2 Re8 30.Nd4 Nd6 31.Nc2 Rac8 32.Nb4 d4 33.Bxd4 Bxd4 34.Rxd4 Nc4 35.Nd5 Nxb2
36.R1d2 Nc4 37.Rc2 b5 38.a4 a6 39.axb5 axb5 40.e4 f6 41.Rd3 Kf7 42.Rb3 Nd6
43.Rd2 Red8 44.Kg2 f5 45.Nc3 b4  1/2-1/2

[Event "RUS-chT"]
[Site "Orel"]
[Date "1996.??.??"]
[Round "?"]
[White "Savon, Vladimir A"]
[Black "Gabdrakhmanov, Rafail"]
[Result "1-0"]
[WhiteElo "2435"]
[BlackElo "2405"]

1.d4 c6 2.Nf3 d5 3.c4 Nf6 4.Nc3 e6 5.e3 Nbd7 6.Qc2 a6 7.b3 Bd6 8.Be2 Qe7
9.Bb2 O-O 10.O-O e5 11.dxe5 Nxe5 12.cxd5 cxd5 13.Rfd1 Be6 14.Rac1 Rac8 15.Qd2 Rfd8
16.Qd4 Nc6 17.Qh4 Ba3 18.Bxa3 Qxa3 19.Bd3 h6 20.Qa4 Qxa4 21.Nxa4 Nb4 22.Bb1 Bg4
23.a3 Nc6 24.Nc5 Bxf3 25.gxf3 Ne5 26.f4 Nf3+ 27.Kg2 b6 28.Nb7 Nh4+ 29.Kg3 g5
30.fxg5 hxg5 31.Nxd8 Rxd8  1-0

[Event "RUS-chT"]
[Site "Orel"]
[Date "1996.??.??"]
[Round "?"]
[White "Chekhov, Valery A"]
[Black "Filipenko, Alexander V"]
[Result "1-0"]
[WhiteElo "2505"]
[BlackElo "2425"]

1.c4 c6 2.d4 d5 3.Nf3 Nf6 4.Nc3 e6 5.e3 Nbd7 6.Qc2 Bd6 7.Be2 b6 8.O-O Bb7
9.Rd1 Qe7 10.b3 O-O 11.Bb2 Ba3 12.Bxa3 Qxa3 13.Rd2 Rfd8 14.Rad1 Qe7 15.h3 c5
16.cxd5 Nxd5 17.Nxd5 exd5 18.Qb2 a5 19.Bb5 Nf6 20.Rc2 a4 21.Bxa4 Ra5 22.dxc5 bxc5
23.Qe5 Kf8 24.Rdc1 Ne4 25.Qxe7+ Kxe7 26.Ne5 Ke6 27.Nc6 Bxc6 28.Bxc6 Rd6 29.Bb7 Rb6
30.Bc8+ Kd6 31.Bf5 Nf6 32.Bd3 h6 33.g4 Nd7 34.Kg2 Ne5 35.Bf1 Nc6 36.Rd2 Nb4
37.a4 Nc6 38.Bb5 Raxb5 39.axb5 Rxb5 40.Rc3  1-0

[Event "ESP-chTB"]
[Site "Oropesa del Mar"]
[Date "1996.??.??"]
[Round "2"]
[White "Bernal Moro, Luis Javier"]
[Black "Alvarez Ibarra, D Rafael"]
[Result "1/2-1/2"]
[WhiteElo "2455"]
[BlackElo "2435"]

1.d4 Nf6 2.c4 c6 3.Nc3 d5 4.e3 e6 5.Nf3 Nbd7 6.Bd3 dxc4 7.Bxc4 b5 8.Bd3 b4
9.Na4 c5 10.e4 cxd4 11.e5 Nd5 12.O-O Be7 13.Re1 O-O 14.Nxd4 Qc7 15.Qh5 g6
16.Qe2 Bb7 17.Bh6 Rfc8 18.Rac1 Qd8 19.Bb5 Rxc1 20.Bxc1 Rc8 21.Bh6 Nc5 22.Nxc5 Rxc5
23.Nf3 Bf8 24.Bg5 Be7  1/2-1/2

[Event "ESP-chTB"]
[Site "Oropesa del Mar"]
[Date "1996.??.??"]
[Round "3"]
[White "Merino Garcia, Rafael"]
[Black "Roca, Alfredo"]
[Result "1-0"]
[WhiteElo "2210"]
[BlackElo "2385"]

1.d4 Nf6 2.Nf3 d5 3.c4 e6 4.Nc3 c6 5.e3 Nbd7 6.Qc2 Bd6 7.Be2 O-O 8.O-O Re8
9.b3 e5 10.cxd5 Nxd5 11.dxe5 Nxe5 12.Rd1 Nxc3 13.Qxc3 Qf6 14.Nd4 Ng4 15.Bxg4 Bxg4
16.f3 Bh5 17.Qd2 Rad8 18.b4 b6 19.g4 Bg6 20.Bb2 Bf8 21.Qf2 Qg5 22.Nxc6 Rxd1+
23.Rxd1 Qxe3 24.Qxe3 Rxe3 25.Kf2 Re8 26.a3 a5 27.bxa5 Bc5+ 28.Bd4 Bxd4+ 29.Rxd4 bxa5
30.Nxa5 Kf8 31.Nc4 Ra8 32.Ke3 f6 33.Kf2 Ra4 34.Rd8+ Ke7 35.Rc8 Bf7 36.Rc7+ Kf8
37.Nd6 Be6 38.Rc3 Ke7 39.Ne4 h6 40.Re3 Kf7 41.Nc5  1-0

[Event "ESP-chTB"]
[Site "Oropesa del Mar"]
[Date "1996.??.??"]
[Round "7"]
[White "Gavin Roche, Enrique"]
[Black "Roca, Alfredo"]
[Result "1/2-1/2"]
[WhiteElo "2255"]
[BlackElo "2385"]

1.d4 d5 2.c4 c6 3.Nc3 Nf6 4.e3 e6 5.Nf3 Nbd7 6.Qc2 Bd6 7.Be2 O-O 8.O-O Re8
9.Rd1 e5 10.cxd5 cxd5 11.dxe5 Nxe5 12.Nxd5 Bg4 13.Nxe5 Bxe2 14.Nxf6+ Qxf6
15.Qxe2 Bxe5 16.Rb1 Rad8 17.b3 Rxd1+ 18.Qxd1 Rb8 19.Qf1 h5 20.f4 Bc3 21.Qe2 Qg6
22.e4 Re8 23.Qd3 Ba5 24.f5  1/2-1/2

[Event "Pamplona op"]
[Site "Pamplona"]
[Date "1996.??.??"]
[Round "?"]
[White "Pogorelov, Ruslan"]
[Black "Alvarez Ibarra, D Rafael"]
[Result "1/2-1/2"]
[WhiteElo "2440"]
[BlackElo "2435"]

1.Nf3 d5 2.d4 Nf6 3.c4 c6 4.Nc3 e6 5.e3 Nbd7 6.Qc2 Bd6 7.Be2 O-O 8.O-O e5
9.cxd5 cxd5 10.Nb5 Bb8 11.dxe5 Nxe5 12.Bd2 Bg4 13.Bb4 Nxf3+ 14.Bxf3 Bxf3
15.gxf3 Re8 16.Nd4 Be5 17.Ne2 Qd7 18.Kg2 Rac8 19.Qd2 Rc4 20.Rh1 Qf5 21.Rac1 Rec8
22.Ng3 Qe6 23.Rxc4 Rxc4 24.b3 Rc7 25.Rc1 h5 26.Rxc7 Bxc7 27.h4  1/2-1/2

[Event "Pamplona9596"]
[Site "Pamplona"]
[Date "1996.??.??"]
[Round "?"]
[White "San Segundo, Pablo"]
[Black "Slobodjan, Roman"]
[Result "1/2-1/2"]
[WhiteElo "2520"]
[BlackElo "2500"]

1.d4 d5 2.c4 c6 3.Nc3 Nf6 4.e3 e6 5.Nf3 Nbd7 6.Bd3 dxc4 7.Bxc4 b5 8.Bd3 Bb7
9.e4 b4 10.Na4 c5 11.e5 Nd5 12.O-O cxd4 13.Re1 g6 14.Bd2 Bg7 15.Bb5 a6 16.Nc5 axb5
17.Nxb7 Qb6 18.Nd6+ Ke7 19.Bg5+ Kf8 20.Bh4 Nxe5 21.Nxe5 Qxd6 22.Bg3 Qe7 23.Rc1 Kg8
24.Nc6 Qd7 25.Qf3 Rf8 26.Ne5 Qd8 27.Nc6 Qd7 28.Ne5 Qd8 29.Nc6  1/2-1/2

[Event "Pamplona op"]
[Site "Pamplona"]
[Date "1996.??.??"]
[Round "?"]
[White "Garcia Ilundain, David"]
[Black "Alvarez Ibarra, D Rafael"]
[Result "1-0"]
[WhiteElo "2550"]
[BlackElo "2435"]

1.d4 d5 2.c4 c6 3.Nc3 Nf6 4.Nf3 e6 5.e3 Nbd7 6.Qc2 Bd6 7.Be2 O-O 8.O-O b6
9.e4 Nxe4 10.Nxe4 dxe4 11.Qxe4 Bb7 12.Bf4 Nf6 13.Qe3 Ng4 14.Qe4 Nf6 15.Qe3 Ng4
16.Qc1 c5 17.h3 Nf6 18.Rd1 Qe7 19.Bxd6 Qxd6 20.Qe3 Rfd8 21.dxc5 Qxc5 22.Qxc5 bxc5
23.Ne5 Kf8 24.f3 Ke7 25.Kf2 Nd7 26.Nd3 Kd6 27.f4 Ke7 28.g4 Be4 29.Bf3 Bxf3
30.Kxf3 h5 31.g5 Rab8 32.Rd2 g6 33.Rad1 Rdc8 34.Nf2 Rc7 35.Ne4 e5 36.b3 exf4
37.Nc3 Rcb7 38.Kxf4 Nf8 39.Nd5+ Ke8 40.Nf6+ Ke7 41.Ke5 a5 42.h4 Ra7 43.Rd5 Rc8
44.Rd6 Rb8 45.R1d5 a4 46.Rxc5 axb3 47.axb3  1-0

[Event "Pamplona9596"]
[Site "Pamplona"]
[Date "1996.??.??"]
[Round "?"]
[White "Izeta Txabarri, Felix"]
[Black "Zvjaginsev, Vadim"]
[Result "1/2-1/2"]
[WhiteElo "2495"]
[BlackElo "2600"]

1.Nf3 Nf6 2.d4 d5 3.c4 e6 4.Nc3 c6 5.e3 Nbd7 6.Bd3 dxc4 7.Bxc4 b5 8.Bd3 Bd6
9.O-O O-O 10.Qc2 Bb7 11.a4 b4 12.Ne4 Nxe4 13.Bxe4 Nf6 14.Bd3 c5 15.dxc5 Rc8
16.e4 Nd7 17.e5 Nxe5 18.Nxe5 Bxe5 19.Be3 Qd5 20.f3 Bd4 21.Bxd4 Qxd4+ 22.Rf2 Rxc5
23.Bxh7+ Kh8 24.Qd3 Rd8 25.Qxd4 Rxd4 26.Bc2 Bd5 27.a5 Kg8 28.Bd1 Kf8 29.Kf1 Bc4+
30.Ke1 Re5+ 31.Be2 Ke7 32.g3 Re3 33.Rd1 Rxd1+ 34.Kxd1 Bxe2+ 35.Rxe2 Rxf3
36.Re4 Rf5 37.Rxb4 Rxa5 38.Ke2 a6 39.Re4 Ra2 40.Rb4 Ra5 41.Rc4 f5 42.Kf3 Rb5
43.b4 Kd6 44.h4 g6 45.Rc8 Rxb4 46.Rg8 a5 47.Rxg6 Rg4 48.Rf6 Rg8 49.h5 Ke7
50.Rh6 Ra8 51.Rh7+ Kd6 52.h6 a4 53.Rb7 a3 54.Rb1 Ke7 55.h7 Kf6 56.Rb7 Rh8
57.Ra7 e5 58.g4 f4 59.Ra6+ Kg7 60.Ke4 Re8 61.Ra7+  1/2-1/2